| 000 | 00445nam a22001817a 4500 | ||
|---|---|---|---|
| 003 | koha_MIRAKIL | ||
| 005 | 20251017135842.0 | ||
| 008 | 231213b |||||||| |||| 00| 0 ||| d | ||
| 020 | _a9789754035254 | ||
| 040 |
_aTR-IsEVY _btur _cTR-IsEVY |
||
| 082 | _a600 SMI/İ | ||
| 100 | _aSmith, Alastair. | ||
| 245 | 0 | _aİçiyle dışıyla vücudunuz | |
| 260 |
_bTÜBİTAK, _c2013 |
||
| 300 | _a48 | ||
| 650 | _aTıp Bilimleri. | ||
| 942 |
_2ddc _cBK |
||
| 999 |
_c5216 _d5216 |
||